Design of Machinery : (Record no. 11719)
[ view plain ]
| 000 -LEADER | |
|---|---|
| fixed length control field | 01433cam a22003735a 4500 |
| 001 - CONTROL NUMBER | |
| control field | 3904470 |
| 005 - DATE AND TIME OF LATEST TRANSACTION | |
| control field | 20150819130529.0 |
| 006 - FIXED-LENGTH DATA ELEMENTS--ADDITIONAL MATERIAL CHARACTERISTICS--GENERAL INFORMATION | |
| fixed length control field | a||||fr|||| 00| 0 |
| 008 - FIXED-LENGTH DATA ELEMENTS--GENERAL INFORMATION | |
| fixed length control field | 910124s1992 nyua frb 001 0 eng |
| 010 ## - LIBRARY OF CONGRESS CONTROL NUMBER | |
| LC control number | 91007510 |
| 020 ## - INTERNATIONAL STANDARD BOOK NUMBER | |
| International Standard Book Number | 0070478279 (unconfirmed) |
| 020 ## - INTERNATIONAL STANDARD BOOK NUMBER | |
| International Standard Book Number | 0079097022 (set) |
| 020 ## - INTERNATIONAL STANDARD BOOK NUMBER | |
| International Standard Book Number | 9780079097026 |
| 040 ## - CATALOGING SOURCE | |
| Original cataloging agency | DLC |
| Language of cataloging | eng |
| Transcribing agency | DLC |
| Modifying agency | DLC |
| -- | EG-ScBUE |
| 050 00 - LIBRARY OF CONGRESS CALL NUMBER | |
| Classification number | TJ230 |
| Item number | .N63 1992 |
| 082 04 - DEWEY DECIMAL CLASSIFICATION NUMBER | |
| Classification number | 621.815 |
| Edition number | 22 |
| Item number | NOR |
| 100 1# - MAIN ENTRY--PERSONAL NAME | |
| Personal name | Norton, Robert L. |
| 9 (RLIN) | 5732 |
| 245 10 - TITLE STATEMENT | |
| Title | Design of Machinery : |
| Remainder of title | An Introduction to the Synthesis and Analysis of Mechanisms and Machines / |
| Statement of responsibility, etc | Robert L. Norton. |
| 260 ## - PUBLICATION, DISTRIBUTION, ETC. (IMPRINT) | |
| Place of publication, distribution, etc | New York : |
| Name of publisher, distributor, etc | McGraw-Hill, |
| Date of publication, distribution, etc | c.1992. |
| 300 ## - PHYSICAL DESCRIPTION | |
| Extent | xix, 714 p. : |
| Other physical details | ill. ; |
| Dimensions | 25 cm. + |
| Accompanying material | 1 computer disk (3 1/2 in.) |
| 490 0# - Series Statement | |
| Series statement | McGraw-Hill series in mechanical engineering |
| 500 ## - GENERAL NOTE | |
| General note | Index : p. 701-714. |
| 504 ## - BIBLIOGRAPHY, ETC. NOTE | |
| Bibliography, etc | Includes bibliographic references. |
| 538 ## - SYSTEM DETAILS NOTE | |
| System details note | System requirements for computer disk: IBM compatible PC; 640K RAM; DOS 3.0 or higher; CGA, EGA, or VGA graphics card emulation. |
| 590 ## - LOCAL NOTE (RLIN) | |
| Local note | Menna Elemam |
| 650 #0 - SUBJECT ADDED ENTRY--TOPICAL TERM | |
| Topical term or geographic name as entry element | Machine design. |
| 9 (RLIN) | 5734 |
| Source of heading or term | BUEsh |
| 650 #0 - SUBJECT ADDED ENTRY--TOPICAL TERM | |
| Topical term or geographic name as entry element | Machinery, Kinematics of. |
| 9 (RLIN) | 5735 |
| Source of heading or term | BUEsh |
| 650 #0 - SUBJECT ADDED ENTRY--TOPICAL TERM | |
| Topical term or geographic name as entry element | Machinery, Dynamics of. |
| 9 (RLIN) | 5736 |
| Source of heading or term | BUEsh |
| 651 ## - SUBJECT ADDED ENTRY--GEOGRAPHIC NAME | |
| Source of heading or term | BUEsh |
| 653 ## - INDEX TERM--UNCONTROLLED | |
| Resource For college | Engineering, General |
| Arrived date list | August2015 |
| 942 ## - ADDED ENTRY ELEMENTS (KOHA) | |
| Source of classification or shelving scheme | Dewey Decimal Classification |
| Call number prefix | 621.815 NOR |
| Item type | Book - Borrowing |
| Withdrawn status | Item status | Source of classification or shelving scheme | Damaged status | Not for loan | Vendor | Home library | Current library | Shelving location | Date acquired | Source of acquisition | Cost, normal purchase price | Total Checkouts | Total Renewals | Full call number | Barcode | Date last seen | Date last borrowed | Koha item type |
|---|---|---|---|---|---|---|---|---|---|---|---|---|---|---|---|---|---|---|
| Dewey Decimal Classification | Alef-Baa | Central Library | Central Library | First floor | 01/06/2009 | 150.00 | 4 | 15 | 621.815 NOR | 000016461 | 15/07/2025 | 11/05/2023 | Book - Borrowing |